Real methods in complex and CR geometry : lectures given at the C.I.M.E. Summer School held in Martina Franca, Italy, June 30-July 6, 2002
Αποθηκεύτηκε σε:
| Άλλοι συγγραφείς: | , , |
|---|---|
| Μορφή: | Βιβλίο |
| Γλώσσα: | English |
| Δημοσίευση: |
Berlin :
Springer,
c2004
|
| Σειρά: | Lecture notes in mathematics (Springer-Verlag)
; 1848 |
| Θέματα: | |
| Ετικέτες: |
Προσθήκη ετικέτας
Δεν υπάρχουν, Καταχωρήστε ετικέτα πρώτοι!
|
MARC
| LEADER | 00000nam a2200000 i 4500 | ||
|---|---|---|---|
| 001 | 1/66979 | ||
| 008 | 041126s2004 eng d | ||
| 020 | |a 3540223584 | ||
| 035 | |l 10075497 | ||
| 040 | |a GR-MY-UA |b gre |e aacr | ||
| 041 | 0 | |a eng | |
| 082 | 0 | |a 515.946 |2 (21) | |
| 245 | 1 | 0 | |a Real methods in complex and CR geometry : |b lectures given at the C.I.M.E. Summer School held in Martina Franca, Italy, June 30-July 6, 2002 / |c M. Abate...[et al.] ; editors, D. Zaitsev, G. Zampieri |
| 260 | |a Berlin : |b Springer, |c c2004 | ||
| 300 | |a ix, 218 σ.; |b εικ.; |c 24 εκ. | ||
| 490 | 1 | |a Lecture notes in mathematics | |
| 504 | |a Περιέχει βιβλιογραφικές αναφορές | ||
| 650 | 0 | 0 | |a Complex manifolds |x Congresses. |
| 650 | 0 | 0 | |a CR submanifolds |x Congresses. |
| 700 | 1 | |a Abate, Marco |d 1962- | |
| 700 | 1 | |a Zaitsev, D.F. |q (Dmitrii Feoktistovich) |4 edt | |
| 700 | 1 | |a Zampieri, G. |q (Giuseppe) |4 edt | |
| 830 | 0 | |a Lecture notes in mathematics (Springer-Verlag) |v ; 1848 | |
| 852 | |a INST |b SAMOS |e 20041126 |h 515.946 REA |p 005300022646 |q 005300022646 |t BK |y 0 | ||
| 901 | |a BIBL3-2004-3 | ||
| 909 | |a Σ |b 116571 | ||
| 922 | |a 3ΕΛΗ |b 200410 |c ΕΠΕΑΕΚ2/ΤΜΗΜΑ ΜΑΘΗΜΑΤΙΚΩΝ |d ΜΙΧΑΛΟΠΟΥΛΟΣ | ||
| 950 | |a 116-2004-10-10 | ||
| 970 | |a ΚΟΣΙΕΡΗΣ |b ΧΡΗΣΤΟΣ |z 2004/12/02 | ||